Memoria

Сохранить в:
Библиографические подробности
Формат: Неизвестно
Опубликовано: San José: Diseño Alternativo
Предметы:
Метки: Добавить метку
Нет меток, Требуется 1-ая метка записи!

MARC

LEADER 00000 a2200000 04500
001 18936
003
008 991231s d
040
090 |a 144809  
245 |a Memoria  
260 |a San José:   |b Diseño Alternativo  
300 |a 199 p.  
650 |a MUJERES  
650 |a NACIONALIDAD  
650 |a DEMOCRACIA  
650 |a DEMOCRATIZACION  
650 |a POLITICA  
650 |a PARTICIPACION POLITICA  
650 |a DESARROLLO POLITICO  
999 |c 15448  |d 15448